| 000 | 00467nam a22001097a 4500 | ||
|---|---|---|---|
| 999 |
_c23700 _d23700 |
||
| 003 | NUST | ||
| 005 | 20170601120343.0 | ||
| 008 | 140101b xxu||||| |||| 00| 0 eng d | ||
| 020 |
_a047192520 (pbk.: v,2) _cAvailable |
||
| 040 |
_aDLC _bDLC _cRCMS |
||
| 082 |
_a620.1HIR _b000575 |
||
| 100 |
_aHirsch, Charles _91818 |
||
| 245 |
_aNumerical Computation of Internal and External Flows : _cHirsch, Charles _bVolume 2 Computational Methods for Inviscid and Viscous Flows |
||
| 260 |
_aAustralia _bJohn Wiley & Sons _cc1984 |
||
| 300 |
_axxi,691,p: _bill: _c22,cm. |
||
| 440 |
_aWiley Series in numerical methods in engineering _91819 |
||
| 538 | _iShelf No 1 Row No 2 | ||
| 650 |
_a1. Fluids,Flow . Simulation.Numerical methods _91820 |
||
| 856 | _3Table of Content Only | ||
| 942 |
_2ddc _cBK |
||